Java Script Testing (Record no. 327445)

MARC details
000 -LEADER
fixed length control field 00461nam a2200169Ia 4500
008 - FIXED-LENGTH DATA ELEMENTS--GENERAL INFORMATION
fixed length control field 230718s9999 xx 000 0 und d
020 ## - INTERNATIONAL STANDARD BOOK NUMBER
International Standard Book Number 9789350232644
041 ## - LANGUAGE CODE
Language code of text/sound track or separate title eng
082 ## - DEWEY DECIMAL CLASSIFICATION NUMBER
Classification number 005.13'3
Item number EUG
100 ## - MAIN ENTRY--PERSONAL NAME
Personal name Eugene L.Y.
9 (RLIN) 176006
245 ## - TITLE STATEMENT
Title Java Script Testing
Remainder of title Beginner's Guide
260 ## - PUBLICATION, DISTRIBUTION, ETC. (IMPRINT)
Date of publication, distribution, etc. 2011
Name of publisher, distributor, etc. Packt Pub.
300 ## - PHYSICAL DESCRIPTION
Extent 253
365 ## - TRADE PRICE
Currency code Rs.
Price amount 350.00
700 ## - ADDED ENTRY--PERSONAL NAME
Personal name Eugene L.Y.
9 (RLIN) 176006
906 ## - LOCAL DATA ELEMENT F, LDF (RLIN)
d O:0161711-Mar-2011B:725021-Feb-2011
c COMP
b 87.5
Holdings
Withdrawn status Lost status Damaged status Not for loan Home library Current library Date acquired Vendor Budget Code Cost, normal purchase price Bill number Total Checkouts Full call number Barcode Date last seen Discount Cost, replacement price Bill Date Koha item type Original Barcode
        Cummins College of Engineering for Women Pune Cummins College of Engineering for Women Pune 11/03/2011 Tbs COMP 262.50 7250   005.13'3 CCEP-BK-38652 18/07/2023 87.5 350.00 21/02/2011 Books 038652